Música popular autoral de fines del siglo XX: Estudios intermediales.

Gardado en:
Detalles Bibliográficos
Autor Principal: González, Juan Pablo (autor)
Formato: Libro
Publicado: Santiago, Chile: Ediciones Universidad Alberto Hurtado, 2023.
Edición:Primera edición.
Series:Colección Música.
Subjects:
Tags: Engadir etiqueta
Sen Etiquetas, Sexa o primeiro en etiquetar este rexistro!

MARC

LEADER 00000nam a22000007a 4500
003 CL-VaPUC
005 20250321101929.0
008 250122t2023 ||||| |||| 00| 0 eng d
999 |c 446728  |d 446726 
020 |a 978-956-357-425-8 
040 |c Pontificia Universidad Católica de Valparaíso 
082 |a 781.6309 GON 2023 
100 |9 895716  |a González, Juan Pablo  |e autor 
245 |a Música popular autoral de fines del siglo XX:  |b Estudios intermediales. 
250 |a Primera edición. 
260 |a Santiago, Chile:  |b Ediciones Universidad Alberto Hurtado,  |c 2023. 
300 |a 301 páginas:  |b fotografías. 
490 |a Colección Música. 
500 |a c.1-c.2. Instituto Arcos.08-01-2025. 
583 |c 20250122  |k Gabriela Rodríguez Cuevas 
650 0 |9 356085  |a Música popular  |x Historia y crítica   |y Siglo 20  |z América Latina  
942 |2 ddc  |c BK  |n 0 
952 |0 0  |1 0  |2 ddc  |4 0  |6 781_630900000000000_GON_2023  |7 0  |9 599720  |a BIBINC  |b BIBINC  |c GEN  |d 2025-01-22  |e Instituto Arcos  |i 5664580  |o 781.6309 GON 2023  |p 5664580  |r 2025-01-22  |t 1  |w 2025-01-22  |y BK  |k IFP 
952 |0 0  |1 0  |2 ddc  |4 0  |6 781_630900000000000_GON_2023  |7 0  |9 599721  |a BIBINC  |b BIBINC  |c GEN  |d 2025-01-22  |e Instituto Arcos  |i 5664581  |o 781.6309 GON 2023  |p 5664581  |r 2025-01-22  |t 2  |w 2025-01-22  |y BK  |k IFP